Hodnotenie Slovenska v rámci inovačnej politiky Európskej únie
Analýza inovačnej výkonnosti a inovačného potenciálu Slovenskej republiky v komparácii s členským štátmi EÚ a EÚ ako takej. Využitie troch najpoužívanejších rebríčkov hodnotenia inovačnej výkonnosti a aktivít – Global innovation Index (GII), European Innovation Scoreboard (EIS) a Innobarometer.
Guardado en:
| Autor principal: | |
|---|---|
| Formato: | Capítulo de libro |
| Lenguaje: | eslovaco |
| Materias: | |
| Etiquetas: |
Sin Etiquetas, Sea el primero en etiquetar este registro!
|
MARC
| LEADER | 00000naa$a2200000$$$4500 | ||
|---|---|---|---|
| 001 | 0269439 | ||
| 005 | 20240502074225.3 | ||
| 041 | 0 | |a slo | |
| 044 | |a SK | ||
| 245 | 1 | 0 | |a Hodnotenie Slovenska v rámci inovačnej politiky Európskej únie |c Ľubica Harakaľová |
| 520 | |a Analýza inovačnej výkonnosti a inovačného potenciálu Slovenskej republiky v komparácii s členským štátmi EÚ a EÚ ako takej. Využitie troch najpoužívanejších rebríčkov hodnotenia inovačnej výkonnosti a aktivít – Global innovation Index (GII), European Innovation Scoreboard (EIS) a Innobarometer. | ||
| 610 | 2 | 0 | |a inovácie technologické |
| 610 | 2 | 0 | |a politika inovačná |
| 610 | 2 | 0 | |a Európska únia |
| 610 | 2 | 0 | |a Slovensko |
| 610 | 2 | 0 | |a veda |
| 100 | 1 | |a Harakaľová, Ľubica, 1963- | |